00301nam a2200121Ia 4500008004100000041000800041082001700049100001000066245002200076260004100098300002800139365001200167240624s9999 xx 000 0 und d aeng a658.4093 IMO aIMOLP aMANAGING YOURSELF c1998aOxfordbPergamon Open Learning ax, : 80 : p. : cm. ; 29 cBPSb35